Sanácia územia devastovaného nevhodným skládkovaním a jeho ďalšie využitie
Salvato in:
| Autore principale: | |
|---|---|
| Altri autori: | |
| Natura: | Manoscritto Libro |
| Lingua: | slovacco |
| Pubblicazione: |
STU v Bratislave MTF UBEI,
2010
|
| Soggetti: | |
| Accesso online: | VAIS |
| Tags: |
Nessun Tag, puoi essere il primo ad aggiungerne!!
|
MARC
| LEADER | 00000ntm a22000003a 4500 | ||
|---|---|---|---|
| 001 | stu206754 | ||
| 005 | 20160719160251.3 | ||
| 008 | 100708s2010------------------------slo-d | ||
| 040 | |a STU |b slo | ||
| 041 | 0 | |a slo | |
| 100 | 1 | |a Michalíková, Veronika, |d 1984- |4 aut |X 31513 |7 A000031513 | |
| 242 | 0 | 0 | |a Restoration of areas devastated inappropriate landfill and its subsequent use. |y eng |
| 245 | 1 | |a Sanácia územia devastovaného nevhodným skládkovaním a jeho ďalšie využitie | |
| 260 | |b STU v Bratislave MTF UBEI, |c 2010 | ||
| 650 | 7 | |a sanácia |2 stusub | |
| 650 | 7 | |a rekultivácia |2 stusub | |
| 700 | 1 | |a Bunová, Anna, |d 1947- |4 xxx |X 73761 |7 A000073761 | |
| 856 | 4 | |a info a plný text |u http://is.stuba.sk/zp/portal_zp.pl?podrobnosti=75618 |3 VAIS | |
| 996 | |c M*DP-8951 |l MMSKP |s P |a 0 |w stu206754_0001 | ||